| 000 | 00798nam a22001697a 4500 | ||
|---|---|---|---|
| 003 | UA-OsUOA | ||
| 001 | 17966 | ||
| 007 | ta | ||
| 008 | 20040407b un ||||| |||| 00| 0 ukr d | ||
| 100 | _aЯрощак П. | ||
| 942 | _cSA | ||
| 040 |
_aUA-OsUOA _cUA-OsUOA _dUA-OsUOA |
||
| 245 |
_a"Оранта " завжди допоможе" _b[Розмова з дир. обл. дирекції нац. страх. коипанії "Оранта" П.Ярощаком про те, якою є сьогодні компанія , її перспективи й задуми на майбутнє]/ Розмову вів М.Терешко _cЯрощак П. |
||
| 955 | _a0 | ||
| 773 | 0 |
_w0 _tВісті Рівненщини _dРівне _d2004 _g№31/31 берез./ |
|
| 650 | 7 |
_aКраєзнавча робота _2UDC |
|
| 999 |
_c304136 _d304136 |
||